Online
Catalog

Venezuela dentro de la orbita sovietica / (Record no. 2750)

MARC details
000 -CABECERA
campo de control de longitud fija 00727nam a2200217 u 4500
001 - NÚMERO DE CONTROL
campo de control 000002917
003 - IDENTIFICADOR DEL NÚMERO DE CONTROL
campo de control DO-SdBNP
005 - FECHA Y HORA DE LA ÚLTIMA TRANSACCIÓN
campo de control 20210802075942.0
008 - DATOS DE LONGITUD FIJA--INFORMACIÓN GENERAL
campo de control de longitud fija 090706s1947 dr ac r 000 0 spa d
040 ## - FUENTE DE LA CATALOGACIÓN
Centro catalogador/agencia de origen DO-SdBNP
Lengua de catalogación spa
Centro/agencia transcriptor BNPHU
049 ## - FONDOS LOCALES (OCLC)
Fondos de biblioteca BNPD
082 ## - NÚMERO DE LA CLASIFICACIÓN DECIMAL DEWEY
Número de clasificación 320.987
Número de documento/Ítem P424v
100 1# - ENTRADA PRINCIPAL--NOMBRE DE PERSONA
Nombre de persona Pepper, José Vicente
9 (RLIN) 9263
245 10 - MENCIÓN DE TÍTULO
Título Venezuela dentro de la orbita sovietica /
Mención de responsabilidad, etc. José Vicente Pepper, Graciela Rincón-Calcaño de Pepper.
260 ## - PUBLICACIÓN, DISTRIBUCIÓN, ETC.
Lugar de publicación, distribución, etc. Cuidad Trujillo :
Nombre del editor, distribuidor, etc. Montalvo,
Fecha de publicación, distribución, etc. 1947.
300 ## - DESCRIPCIÓN FÍSICA
Extensión 176 p. :
Otras características físicas il., retr ;
Dimensiones 23 cm.
500 ## - NOTA GENERAL
Nota general Publicado en Cuidad Trujillo actual Santo Domingo
700 1# - PUNTO DE ACCESO ADICIONAL--NOMBRE DE PERSONA
Nombre de persona Rincón-Calcaño de Pepper, Graciela
9 (RLIN) 9264
910 ## - DATOS DE OPCIÓN DEL USUARIO (OCLC)
Datos de opción del usuario Validado. Control de calidad MFF
942 ## - ELEMENTOS DE PUNTO DE ACCESO ADICIONAL (KOHA)
Fuente del sistema de clasificación o colocación Dewey Decimal Classification
Tipo de ítem Koha Libro
Holdings
Estado de retiro Estado de pérdida No para préstamo Código de colección Localización permanente Ubicación/localización actual Ubicación en estantería Fecha de adquisición Número de inventario Total de préstamos Signatura topográfica completa Código de barras Fecha visto por última vez Precio válido a partir de Tipo de ítem Koha Nota pública Número de copia
    Excluido de préstamo Patrimonio Dominicano Patrimonio Dominicano Patrimonio Dominicano Depósito 06.07.2009 LF1   320.987 P424v 2917-10 25.06.2020 25.06.2020 Libro y Folleto Colección Patrimonio Dominicano Dedicado  
    Excluido de préstamo Patrimonio Dominicano Patrimonio Dominicano Patrimonio Dominicano Depósito 19.04.2011 LF1   320.987 P424v 2917-20 25.06.2020 25.06.2020 Libro y Folleto Colección Patrimonio Dominicano   e. 2

Powered by Koha